| 000 -LEADER |
| fixed length control field |
02195 a2200193 4500 |
| 020 ## - INTERNATIONAL STANDARD BOOK NUMBER |
| International Standard Book Number |
0071470379 (hardcover) |
| 020 ## - INTERNATIONAL STANDARD BOOK NUMBER |
| International Standard Book Number |
9780071470377 (hardcover) |
| 082 04 - DEWEY DECIMAL CLASSIFICATION NUMBER |
| Classification number |
332.10684 |
| 090 ## - LOCALLY ASSIGNED LC-TYPE CALL NUMBER (OCLC); LOCAL CALL NUMBER (RLIN) |
| -- |
4061 |
| -- |
4061 |
| 100 1# - MAIN ENTRY--PERSONAL NAME |
| Personal name |
Hayler, Rowland. |
| 245 10 - TITLE STATEMENT |
| Title |
Six sigma for financial services : |
| Remainder of title |
how leading companies are driving results using lean, six sigma, and process management / |
| Statement of responsibility, etc. |
Rowland Hayler, Michael Nichols. |
| 250 ## - EDITION STATEMENT |
| Edition statement |
1st ed. |
| 260 ## - PUBLICATION, DISTRIBUTION, ETC. |
| Place of publication, distribution, etc. |
[S.l.] : |
| Name of publisher, distributor, etc. |
McGraw-Hill, |
| Date of publication, distribution, etc. |
2006. |
| 300 ## - PHYSICAL DESCRIPTION |
| Extent |
280 p. ; |
| Dimensions |
24 cm. |
| 520 ## - SUMMARY, ETC. |
| Summary, etc. |
THREE WORLD-CLASS MANAGEMENT METHODS. ONE COMPREHENSIVE RESOURCE. Finally, top executives across the global financial services industry are catching on-and catching up-to what the world's most successful corporations have known for more than a decade: The performance improvement principles of Six Sigma, Lean, and Process Management can be applied to all aspects of any company's operations-with remarkable results. If you want to take advantage of these proven, performance-enhancing methods, tools, and techniques, this reference helps you to use Six Sigma and other tools in a wide range of financial service applications: commercial or savings banks, diversified financials, securities, insurance firms, and more. Six Sigma for Financial Services delivers a complete and groundbreaking model specifically for financial services created by two experts of Six Sigma deployment and Process Management. Clear, concise, and comprehensive, this hands-on guide features actual experiences from frontline managers and executives in financial services firms all around the world. You'll see, up close and personal, how they used Six Sigma to illustrate key points and achieve optimal performance in their companies. You'll learn firsthand why business process excellence is crucial for success in an increasingly competitive, mission-critical industry. Using Lean, Six Sigma, and other process tools, you'll be able to run leaner and more efficiently, and provide improved service with the best possible returns. |
| 700 1# - ADDED ENTRY--PERSONAL NAME |
| Personal name |
Nichols, Michael. |
| 856 40 - ELECTRONIC LOCATION AND ACCESS |
| Materials specified |
Amazon.com |
| Uniform Resource Identifier |
<a href="http://www.amazon.com/exec/obidos/ASIN/0071470379/chopaconline-20">http://www.amazon.com/exec/obidos/ASIN/0071470379/chopaconline-20</a> |
| 942 ## - ADDED ENTRY ELEMENTS (KOHA) |
| Institution code [OBSOLETE] |
NBS |
| Koha item type |
Book |
| Call number prefix |
332.10684 HAY |